000 00652nam a22001935i 4500
001 54288
003 ES-MaACL
005 20230906162930.0
007 t|
008 960529s1895 sp ||||1| spa d
040 _aCLM
_bspa
_cCCPB | SIC
100 1 _aFlores, Eugenio Antonio.
_951256
245 1 3 _aLa guerra de Cuba
_b: apuntes para la historia /
_cpor Eugenio Antonio Flores.
260 _aMadrid :
_bA. de San Martín,
_c1895 (
_fTipografía de los hijos de M.G. Hernández)
300 _a555 p. ;
_c17 cm.
651 4 _aCuba-
_xHistoria-
_y1868-1878, Guerra de los Diez Años.
_98103
852 _aES-MaACL
_jD-3171
852 _aES-MaACL
_jF-13477
999 _c54288
_d54288